000
00284nam a2200109Ia 4500
008
240625s9999 xx 000 0 und d
041
_a
eng
082
_a
332.60285 MCD
100
_a
MCDONNELL PHILIP J
245
_a
OPTIMAL PORTFOLIO MODELING MODELS TO MAXIMIZE RETURN
260
_c
2008
999
_c
34875
_d
34875